Language Quiz

Random Language or Letter Quiz

Words That End in 'SS' (A-Z) Quiz Stats

Quiz Updated Jan 5, 2015

Also try: Ends in 'CLE'
Challenge
Share
Tweet
Embed
Score 0/26 Timer 07:00
3 Plays Today
Clue SS Ending Thing % Correct
A string used for dental cleaningfloss
96.8%
A female server in a restaurantwaitress
94.1%
Remove your clothingundress
93.8%
A male donkey or a stupid personjackass
93%
A light stroking or pattingcaress
92.1%
Let out, like the students at the end of a classdismiss
91.7%
42 Wallaby Way or 1600 Pennsylvania Ave, e.g.address
91.1%
Half of XOXOkiss
91%
Annoy persistently or create a hostile environmentharass
89.3%
To own or to haunt a housepossess
86.9%
Go somewhere you're not supposed to go or commit a sintrespass
85.3%
A beer company that produces an Irish stoutGuinness
84.6%
To be excessively preoccupied over somethingobsess
83.6%
Clue SS Ending Thing % Correct
A state where things surpass the usual amountsexcess
82.9%
Hallow or consecrate by religious word or the sign of the crossbless
81.1%
A very favorable outcome, such as the attainment of wealthsuccess
80.5%
The quality of having the color of a bananayellowness
77.2%
Unruly or Lucy who played XenaLawless
73.8%
An unhealthy condition of the body or mindillness
71%
Unnecessaryneedless
69.6%
Marked by a lack of proper caution or adventurousreckless
67.8%
Like a crime that doesn't seem to specifically hurt any personvictimless
62.4%
Speedquickness
60.1%
The property of having a lively or piquant flavorzestiness
54.5%
A confused mess or a marshy swampmorass
42.6%
The 3rd and lowest segment of the sternum (2 words)xiphoid process
13.4%

You're not logged in!

Compare scores with friends on all Sporcle quizzes.
Join for Free
OR
Log In

You Might Also Like...

Show Comments

Extras

Top Quizzes Today


Score Distribution

Your Account Isn't Verified!

In order to create a playlist on Sporcle, you need to verify the email address you used during registration. Go to your Sporcle Settings to finish the process.

Report this User

Report this user for behavior that violates our Community Guidelines.

Details: